000 00408nam a2200145Ia 4500
008 230917s9999||||xx |||||||||||||| ||und||
040 _e39270
_aMAIN
041 _aEnglish
082 _a822.09 G959D
100 _aGupt, Bharat
245 0 _aDramati concepts Greek and Indian: a study of the poetics and the natyasastra
260 _aNew Delhi
_bD K Printworld
_c1994
300 _axiii, 295 p.
942 _cBK
999 _c78292
_d78292